000 00607nam a22002297a 4500
003 UA-OsUOA
001 88317
007 ta
008 20121003b un ||||| |||| 00| 0 ukr d
100 _aБандурак В.
090 _a821.161.2
_bБ23
942 _cBK
040 _aUA-OsUOA
_bukr
_cUA-OsUOA
_dUA-OsUOA
245 _aЧервоні легіні
_bнариси
300 _a112 с.
955 _a3
041 _aukr
080 _a821.161.2
260 _aУжгород
_bКарпати
_c1968
650 7 _a82 Література. Літературознавство
_2UDC
999 _c374368
_d374368